Which City? #Nordic Countries - Statistics

General Stats
  • This quiz has been taken 30 times
  • The average score is 11 of 16
Answer Stats
Picture Answer % Correct
Copenhagen
100%
Helsinki
100%
Stockholm
97%
Oslo
93%
Bergen
90%
Gothenburg
86%
Malmö
86%
Reykjavik
79%
Aarhus
55%
Aalborg
52%
Tromsø
52%
Turku
52%
Oulu
48%
Örebrö
31%
Tórshavn
31%
Kristiansand
17%
No matching quizzes found
Score Distribution
Percent of People with Each Score
Percentile by Number Answered
Your Score History
You have not taken this quiz